<?xml version="1.0" encoding="UTF-8"?>
<record
    xmlns:xsi="http://www.w3.org/2001/XMLSchema-instance"
    xsi:schemaLocation="http://www.loc.gov/MARC21/slim http://www.loc.gov/standards/marcxml/schema/MARC21slim.xsd"
    xmlns="http://www.loc.gov/MARC21/slim">

  <leader>01931nam a22003257a 4500</leader>
  <datafield tag="999" ind1=" " ind2=" ">
    <subfield code="c">21994</subfield>
    <subfield code="d">21994</subfield>
  </datafield>
  <controlfield tag="003">AR-CdUCM</controlfield>
  <controlfield tag="008">190425b           ||||| |||| 00| 0 spa d</controlfield>
  <datafield tag="040" ind1=" " ind2=" ">
    <subfield code="a">MUNICIPALIDAD PROVINCIAL DEL CUSCO</subfield>
    <subfield code="c">BIBLIOTECA MUNICIPAL DEL CUSCO</subfield>
  </datafield>
  <datafield tag="082" ind1=" " ind2=" ">
    <subfield code="a">Saqsaywaman/N&#xB0;1/1970</subfield>
  </datafield>
  <datafield tag="110" ind1=" " ind2=" ">
    <subfield code="a">Patronato Departamental de Arqueolog&#xED;a del Cuzco</subfield>
    <subfield code="9">47095</subfield>
  </datafield>
  <datafield tag="245" ind1=" " ind2=" ">
    <subfield code="a">Revista Saqsaywaman /</subfield>
    <subfield code="c">Ministerio de Educaci&#xF3;n P&#xFA;blica, Patronato Departamental de Arqueolog&#xED;a del Cuzco</subfield>
  </datafield>
  <datafield tag="260" ind1=" " ind2=" ">
    <subfield code="a">Cusco.</subfield>
    <subfield code="b">Garcilaso,</subfield>
    <subfield code="c">1970.</subfield>
  </datafield>
  <datafield tag="300" ind1=" " ind2=" ">
    <subfield code="a">192 p&#xE1;ginas. :</subfield>
    <subfield code="b">ilustraciones, mapas ;</subfield>
    <subfield code="c">24 cm.</subfield>
  </datafield>
  <datafield tag="440" ind1=" " ind2=" ">
    <subfield code="a">Revista Saqsaywaman.</subfield>
    <subfield code="n">N&#xB0;1, julio 1970.</subfield>
    <subfield code="9">47096</subfield>
  </datafield>
  <datafield tag="505" ind1=" " ind2=" ">
    <subfield code="a">Contenido: Trabajos de limpieza y consolidaci&#xF3;n, estudio e investigaci&#xF3;n. Luis A. Pardo. Oscar Ladr&#xF3;n de Guevara Avil&#xE9;s. -- Marco geogr&#xE1;fico de Saccsayhuaman. Jorge de Olarte Estrada. -- Geolog&#xED;a del grupo arqueol&#xF3;gico de la fortaleza de Saccsayhuaman y sus vecindades. Calos Kalafatovich. -- Informe acerca de la flora de Sajsaiwaman. C&#xE9;sar Vargas Calder&#xF3;n. -- La fortaleza de Saccsayhuaman. Luis A. Pardo. -- Las microesculturas de Saqsaywaman. Alfredo Valencia Zegarra. -- Las tumbas de Saqsaywaman. Alfredo Valencia Zegarra. -- Saqsaywaman enterramiento en el sector de Rumipunku. Luis A. Pardo. -- La cer&#xE1;mica de Saqsaywaman. Jorge Y&#xE1;bar Moreno y Fidel Ramos Condori.</subfield>
  </datafield>
  <datafield tag="650" ind1=" " ind2=" ">
    <subfield code="a">Arqueolog&#xED;a cusque&#xF1;a</subfield>
    <subfield code="9">9322</subfield>
  </datafield>
  <datafield tag="650" ind1=" " ind2=" ">
    <subfield code="a">Historia del Cusco</subfield>
    <subfield code="9">1714</subfield>
  </datafield>
  <datafield tag="650" ind1=" " ind2=" ">
    <subfield code="a">Inkas</subfield>
    <subfield code="9">1899</subfield>
  </datafield>
  <datafield tag="650" ind1=" " ind2=" ">
    <subfield code="a">Monumentos hist&#xF3;ricos</subfield>
    <subfield code="9">6891</subfield>
  </datafield>
  <datafield tag="700" ind1=" " ind2=" ">
    <subfield code="a">Pardo, Luis A</subfield>
    <subfield code="9">25736</subfield>
  </datafield>
  <datafield tag="700" ind1=" " ind2=" ">
    <subfield code="a">Ladr&#xF3;n de Guevara Avil&#xE9;s, Oscar</subfield>
    <subfield code="9">46572</subfield>
  </datafield>
  <datafield tag="700" ind1=" " ind2=" ">
    <subfield code="a">De Olarte Estrada, Jorge</subfield>
    <subfield code="9">46801</subfield>
  </datafield>
  <datafield tag="700" ind1=" " ind2=" ">
    <subfield code="a">Vargas Calder&#xF3;n,  C&#xE9;sar</subfield>
    <subfield code="9">31066</subfield>
  </datafield>
  <datafield tag="700" ind1=" " ind2=" ">
    <subfield code="a">Valencia Zegarra, Alfredo</subfield>
    <subfield code="9">18086</subfield>
  </datafield>
  <datafield tag="700" ind1=" " ind2=" ">
    <subfield code="a">Y&#xE1;bar Moreno, Jorge</subfield>
    <subfield code="9">46561</subfield>
  </datafield>
  <datafield tag="700" ind1=" " ind2=" ">
    <subfield code="a">Ramos Condori, Fidel</subfield>
    <subfield code="9">32486</subfield>
  </datafield>
  <datafield tag="856" ind1=" " ind2=" ">
    <subfield code="u">http://bvirtual.culturacusco.gob.pe/items/show/114</subfield>
    <subfield code="z">Leer en digital</subfield>
  </datafield>
  <datafield tag="942" ind1=" " ind2=" ">
    <subfield code="2">ddc</subfield>
    <subfield code="c">PP</subfield>
  </datafield>
  <datafield tag="945" ind1=" " ind2=" ">
    <subfield code="a">rac</subfield>
  </datafield>
  <datafield tag="952" ind1=" " ind2=" ">
    <subfield code="0">0</subfield>
    <subfield code="2">ddc</subfield>
    <subfield code="4">0</subfield>
    <subfield code="7">0</subfield>
    <subfield code="a">HEM</subfield>
    <subfield code="b">HEM</subfield>
    <subfield code="c">CART</subfield>
    <subfield code="d">2022-02-02</subfield>
    <subfield code="g">10.00</subfield>
    <subfield code="o">Saqsaywaman/N&#xB0;1/1970</subfield>
    <subfield code="p">REVC000510</subfield>
    <subfield code="r">2022-02-02</subfield>
    <subfield code="y">PP</subfield>
  </datafield>
</record>
